Textbook of endocrinology

Na minha lista:
Detalhes bibliográficos
Autor principal: Williams, Robert H (Author)
Formato: Livro
Idioma:inglês
Publicado em: Filadelfia W.B. Saunders 1968
Edição:4a. ed
Assuntos:
Tags: Adicionar Tag
Sem tags, seja o primeiro a adicionar uma tag!

MARC

LEADER 00000nam a2200000 a 4500
001 UCT4966
003 CL-VaPUC
008 961127e19680000US |||||||||||||||||eng|d
082 0 4 |a 616.4  |b WIL  |2 21 
100 0 |a Williams, Robert H  |e author  |9 374249 
245 1 0 |a Textbook of endocrinology 
250 |a 4a. ed 
300 |a 1258 p 
942 |c BK 
945 |d 19961127 00:00:00  |a lriquelm 
260 |a Filadelfia  |b W.B. Saunders  |c 1968 
650 0 |a Endocrinología  |9 335883 
650 7 |a HORMONAS  |2 CL-VaPUC  |9 269554 
650 7 |a BIOSINTESIS  |2 CL-VaPUC  |9 269567 
650 7 |a GLANDULAS  |2 CL-VaPUC  |9 360193 
650 0 |a Adenohipófisis  |x Lóbulo anterior de la hipófisis  |x Productora de hormonas   |9 360194 
650 7 |a TIROIDES  |2 CL-VaPUC  |9 360195 
650 7 |a TESTICULOS  |2 CL-VaPUC  |9 360196 
650 7 |a OVARIOS  |2 CL-VaPUC  |9 338598 
650 7 |a SEXOLOGIA  |2 CL-VaPUC  |9 360197 
650 0 |a Enfermedades  |9 263059 
583 |a last modification  |c 19961127 00:00:00  |k Rodrigo Vera 
999 |c 254044  |d 254042 
952 |0 0  |1 0  |4 0  |6 616_400000000000000_WIL_1968  |7 0  |8 A  |9 275393  |a BIBCUR  |b BIBCUR  |d 2019-11-19  |i 2899647  |o 616.4 WIL 1968  |p 2899647  |r 2025-04-22  |w 2019-11-19  |y BK  |k BCB